000 00635nam a2200229Ia 4500
005 20260429112113.0
008 260429s9999||||xx |||||||||||||| ||und||
020 _a9781032642406
041 _aEnglish
082 _a796.0727
_bVIL
100 _aVillemaire, Jillian McNiff
245 0 _aDigital transformation in sports /
_cJillian McNiff Villemaire
250 _a1st ed.
260 _aBoca Raton :
_bCRC Press,
_c2026.
300 _ax, 179 p.; pbk
440 _aData analytics applications
650 _a Digital transformation
650 _aSports
700 _a Huang, Haiyan
700 _aLiebowitz, Jay
942 _cTB
999 _c52373
_d52373